| 000 | 01040nam a2200253Ia 4500 | ||
|---|---|---|---|
| 001 | Z_6224 | ||
| 008 | 220601s9999 xx 000 0 und d | ||
| 082 | _a633.7 P75 | ||
| 245 | _aPrinciples of plants and animal pest control volume 3 / Subcomittee on Insect Prests, Committee on Plant and Pests, Agricultural Board National Research Council | ||
| 260 | _aEstados Unidos de América : National Academy of Sciences | ||
| 300 | _a1 v. | ||
| 500 | _aLa biblioteca cuenta con el volúmen 3: Insect - Pest management and control | ||
| 503 | _aej.1: Donado por the United States Departament of Agriculture | ||
| 504 | _aIncluye bibliografía | ||
| 650 | _a1. Plagas de insectos | ||
| 650 |
_aControl de plagas _927595 |
||
| 650 | _aManejo de plagas | ||
| 710 |
_aSubcomittee on Insect Prests \ Committee on Plant and Pests \ Agricultural Board National Research CouncilÌ _9183376 |
||
| 901 | _a633.7 P75 | ||
| 902 | _aM | ||
| 905 | _a503227[1971] xxuadn 8000000300eng00 | ||
| 942 | _c1 | ||
| 999 |
_c217095 _d217095 |
||